书目信息 |
| 题名: |
材料力学实验
|
|
| 作者: | 王彦生 主编 ;孙利民 主审 | |
| 分册: | ||
| 出版信息: | 北京 中国建筑工业出版社 2009.09 |
|
| 页数: | 103页 | |
| 开本: | 26cm | |
| 丛书名: | 高等学校规划教材 | |
| 单 册: | ||
| 中图分类: | TB301 | |
| 科图分类: | ||
| 主题词: | 材料力学--cai liao li xue--实验--高等学校--教材 | |
| 电子资源: | ||
| ISBN: | 978-7-112-11170-1 | |
| 000 | 01315nam 2200277 450 | |
| 001 | 012001000188 | |
| 005 | 20170220163203.57 | |
| 010 | @a978-7-112-11170-1@dCNY13.00 | |
| 100 | @a20100515d2009 km y0chiy0121 eb | |
| 101 | 0 | @achi |
| 102 | @aCN@b110000 | |
| 105 | @aa a 000yy | |
| 110 | @abuu 0xx0 | |
| 200 | 1 | @a材料力学实验@Acai liao li xue shi yan@f王彦生主编@g孙利民主审 |
| 210 | @a北京@c中国建筑工业出版社@d2009.09 | |
| 215 | @a103页@c图@d26cm | |
| 225 | 2 | @a高等学校规划教材@Agao deng xue xiao gui hua jiao cai |
| 320 | @a有书目 (第103页) | |
| 330 | @a本书是与高等学校本科材料力学课程的教材配套使用的实验课教材。本书在编写过程中,注重材料力学实验教学的特点在每项试验中,对实验目的、实 验原理、设计性实验的设计方法、注意事项、实验报告的要求以及思考题均有较详细的叙述和较严格的要求。全书分5章:绪论;基本实验;综合设计 性实验;提高型实验;常用的实验设备及仪器。本书可作为高等学校土建、机械、水利、航空、造船等专业多学时材料力学的实验课教材,也可作为材 料力学实验单独设课时的教学用书,还可供从事材料强度研究的工程技术人员参考。 | |
| 410 | 0 | @12001 @a高等学校规划教材 |
| 606 | 0 | @a材料力学@Acai liao li xue@x实验@x高等学校@j教材 |
| 690 | @aTB301@v4 | |
| 701 | 0 | @a王彦生@Awang yan sheng@4主编 |
| 702 | 0 | @a孙利民@Asun li min@4主审 |
| 801 | 0 | @aCN@c20100515 |
| 905 | @dTB301@eW410@f5 | |
| 材料力学实验/王彦生主编/孙利民主审.-北京:中国建筑工业出版社,2009.09 |
| 103页:图;26cm.-(高等学校规划教材) |
| ISBN 978-7-112-11170-1:CNY13.00 |
| 本书是与高等学校本科材料力学课程的教材配套使用的实验课教材。本书在编写过程中,注重材料力学实验教学的特点在每项试验中,对实验目的、实 验原理、设计性实验的设计方法、注意事项、实验报告的要求以及思考题均有较详细的叙述和较严格的要求。全书分5章:绪论;基本实验;综合设计 性实验;提高型实验;常用的实验设备及仪器。本书可作为高等学校土建、机械、水利、航空、造船等专业多学时材料力学的实验课教材,也可作为材 料力学实验单独设课时的教学用书,还可供从事材料强度研究的工程技术人员参考。 |
| ● |
| 相关链接 |
|
|
|
正题名:材料力学实验
索取号:TB301/W410
 
预约/预借
| 序号 | 登录号 | 条形码 | 馆藏地/架位号 | 状态 | 备注 |
| 1 | 1239247 | 212392472 | 土木与交通工程学院资料室/ [索取号:TB301/W410] | 在馆 | |
| 2 | 899266 | 208992660 | 自科库501/501自科库 11排2列4层/ [索取号:TB301/W410] | 在馆 | |
| 3 | 899267 | 208992679 | 自科库501/501自科库 11排2列4层/ [索取号:TB301/W410] | 在馆 | |
| 4 | 899268 | 208992688 | 自科库501/501自科库 11排2列4层/ [索取号:TB301/W410] | 在馆 | |
| 5 | 899269 | 208992697 | 自科库501/501自科库 11排2列4层/ [索取号:TB301/W410] | 在馆 | |
| 6 | 899270 | 208992704 | 自科库501/501自科库 11排2列4层/ [索取号:TB301/W410] | 在馆 |